Corporate controller's handbook of financial management /
Guardado en:
| Autor Principal: | |
|---|---|
| Otros Autores: | , |
| Formato: | Libro |
| Idioma: | English |
| Publicado: |
New Jersey :
Prentice Hall,
1997.
|
| Edición: | 2nd ed. |
| Materias: | |
| Etiquetas: |
Agregar Etiqueta
Sin Etiquetas, Sea el primero en etiquetar este registro!
|
| LEADER | 00683nam a22002055 4500 | ||
|---|---|---|---|
| 001 | EAD.ead003585 | ||
| 008 | 080718s1997####xxu######f####001#0#eng#d | ||
| 005 | 20140610124612.0 | ||
| 245 | 1 | 0 | |a Corporate controller's handbook of financial management / |c Joel G. Siegel, Jae K. Shim, Nicky A. Dauber. |
| 250 | |a 2nd ed. | ||
| 260 | |a New Jersey : |b Prentice Hall, |c 1997. | ||
| 300 | |a xv, 1039 p. ; |c 24 cm. | ||
| 500 | |a Incluye índice. | ||
| 020 | |a 0135414261 | ||
| 100 | 1 | |a Siegel, Joel G. | |
| 700 | 1 | |a Shim, Jae K. | |
| 700 | 1 | |a Dauber, Nicky A. | |
| 082 | 0 | 4 | |a 658.15 |2 21 |
| 650 | 7 | |a Administración financiera. |2 unbist | |
| 859 | |a AR-BaBDC |b BIB. ADMINISTRACION - Libros |h 658.15 |i Sh62-1a2 |p b04199 | ||
